Normal view
MARC view
- Huysmans, J.-K. (Joris-Karl)
Entry Personal Name
001 - CONTROL NUMBER
- control field: 14063
003 - CONTROL NUMBER IDENTIFIER
- control field: NUST
005 - DATE AND TIME OF LATEST TRANSACTION
- control field: 20190402074457.0
008 - FIXED-LENGTH DATA ELEMENTS
- fixed length control field: 190402|| aca||aabn | a|a d
040 ## - CATALOGING SOURCE
- Original cataloging agency: NUST
- Transcribing agency: NUST
100 ## - HEADING--PERSONAL NAME
- Personal name: Huysmans, J.-K. (Joris-Karl)
670 ## - SOURCE DATA FOUND
- Source citation: Work cat.: (NUST)174464: Huysmans, J.-K. (Joris-Karl), With the Flow /
